rijkste landen (in BBP) - Statistieken

Algemene statistieken
  • Deze quiz is 59 keer genomen
  • De gemiddelde score is 12 van 15
Antwoordstatistieken
Hint Antwoord % Correct
19.362.129 Verenigde Staten
98%
11.937.562 China
86%
3.651.871 Duitsland
86%
1.640.385 Canada
84%
2.574.807 Frankrijk
84%
1.307.170 Spanje
81%
2.565.051 Verenigd Koninkrijk
81%
1.921.139 Italië
79%
4.884.489 Japan
79%
1.390.150 Australië
74%
2.080.916 Brazilië
74%
1.469.341 Rusland
74%
2.439.008 India
72%
1.142.453 Mexico
70%
1.529.743 Zuid-Korea
58%
Geen overeenkomende quizzen gevonden
Scoreverdeling
Procent van Mensen met Elke Score
Percentiel versus Aantal Correcte Antwoorden
Uw Scoregeschiedenis
U heeft deze quiz nog niet genomen